Países de Asia por capital - Estadísticas

Estadísticas generales
  • Esta prueba ha sido intentada 105 veces
  • La puntuación promedio es 34 de 48
Estadísticas de respuestas
País Capital % Correcto
Turquía Ankara
99%
Emiratos Árabes Unidos Abu Dabi
95%
Israel Jerusalén
91%
Rusia Moscú
91%
Tailandia Bangkok
91%
Kuwait Kuwait
89%
China Pekín
86%
Corea del Sur Seúl
86%
India Nueva Delhi
85%
Irak Bagdad
85%
Singapur Singapur
85%
Catar Doha
82%
Japón Tokio
82%
Corea del Norte Pionyang
81%
Líbano Beirut
81%
Arabia Saudita Riad
80%
Siria Damasco
80%
Vietnam Hanói
78%
Azerbaiyán Bakú
77%
Filipinas Manila
77%
Malasia Kuala Lumpur
77%
Taiwán Taipéi
77%
Afganistán Kabul
76%
Chipre Nicosia
76%
Irán Teherán
74%
Nepal Katmandú
74%
Sri Lanka Sri Jayawardenapura Kotte
74%
Indonesia Yakarta
73%
Pakistán Islamabad
73%
Georgia Tiflis
66%
Kazajistán Astaná
65%
Turkmenistán Asjabad
65%
Camboya Nom Pen
64%
Mongolia Ulán Bator
64%
Armenia Ereván
62%
Yemen Saná
61%
Bangladés Daca
58%
Kirguistán Biskek
54%
Omán Mascate
54%
Brunéi Bandar Seri Begawan
53%
Maldivas Malé
51%
Tayikistán Dusambé
51%
Laos Vientián
50%
Uzbekistán Taskent
50%
Birmania Naipyidó
49%
Timor Oriental Dili
46%
Baréin Manama
45%
Bután Timbu
43%
No se encontraron pruebas coincidentes
Distribución de puntuación
Porcentaje de gente con cada puntuación
Porcentaje por número respondido
Historial de tus puntuaciones
No has intentado esta prueba.